Introducción al derecho: conocimiento y conocimiento científico, historia de las ideas jurídicas, teoría general del derecho, teoría general aplicada
Gardado en:
| Main Authors: | , |
|---|---|
| Formato: | Libro |
| Idioma: | Lingua castelá |
| Publicado: |
Buenos Aires
Abeledo-Perrot
1988
|
| Edición: | 13a. ed |
| Subjects: | |
| Tags: |
Engadir etiqueta
Sen Etiquetas, Sexa o primeiro en etiquetar este rexistro!
|
MARC
| LEADER | 00000nam a2200000 a 4500 | ||
|---|---|---|---|
| 001 | UCV1532 | ||
| 003 | CL-VaPUC | ||
| 008 | 900809e19880000AG |||||||||||||||||spa|d | ||
| 082 | 0 | 4 | |a 340.1 |b AFT |2 21 |
| 100 | 0 | |a Aftalión, Enrique R |e author |9 295808 | |
| 700 | 0 | |a Vilanova, José |e author |9 295809 | |
| 245 | 1 | 0 | |a Introducción al derecho: conocimiento y conocimiento científico, historia de las ideas jurídicas, teoría general del derecho, teoría general aplicada |
| 250 | |a 13a. ed | ||
| 300 | |a 1170 p | ||
| 942 | |c BK | ||
| 945 | |d 19900809 00:00:00 | ||
| 260 | |a Buenos Aires |b Abeledo-Perrot |c 1988 | ||
| 650 | 0 | |a Historia del derecho |9 255109 | |
| 650 | 0 | |a Fuentes del derecho |9 255162 | |
| 650 | 0 | |a Teoría del derecho |9 255982 | |
| 583 | |a last modification |c 20161026 01:39:46 |k Rodrigo Vera | ||
| 999 | |c 209470 |d 209468 | ||
| 952 | |0 0 |1 0 |4 0 |6 340_100000000000000_AFT_1988 |7 0 |8 DER_TF |9 184889 |a BIBDER |b BIBDER |d 2019-11-14 |i 2522012 |l 1 |o 340.1 AFT 1988 |p 2522012 |r 2023-01-25 |s 2020-03-16 |w 2019-11-14 |x Ubicación 4to Piso |y BK |z Estos recursos deben solicitarse con anticipación |k DER | ||